Management Text and Cases (Record no. 5364)
[ view plain ]
| 000 -LEADER | |
|---|---|
| fixed length control field | 00326nam a2200145Ia 4500 |
| 008 - FIXED-LENGTH DATA ELEMENTS--GENERAL INFORMATION | |
| fixed length control field | 191201s2010 xx 000 0 und d |
| 082 ## - DEWEY DECIMAL CLASSIFICATION NUMBER | |
| Classification number | 658MAR |
| 100 ## - MAIN ENTRY--PERSONAL NAME | |
| Personal name | RAO, V S P |
| 245 #0 - TITLE STATEMENT | |
| Title | Management Text and Cases |
| 250 ## - EDITION STATEMENT | |
| Edition statement | Rep |
| 260 ## - PUBLICATION, DISTRIBUTION, ETC. (IMPRINT) | |
| Place of publication, distribution, etc | N. Delhi |
| Name of publisher, distributor, etc | Excel Books |
| Date of publication, distribution, etc | 2010 |
| 300 ## - PHYSICAL DESCRIPTION | |
| Extent | 966 |
| 650 ## - SUBJECT ADDED ENTRY--TOPICAL TERM | |
| Topical term or geographic name as entry element | MBA |
| 942 ## - ADDED ENTRY ELEMENTS (KOHA) | |
| Source of classification or shelving scheme | Dewey Decimal Classification |
| Koha item type | Text Books |
| Withdrawn status | Lost status | Source of classification or shelving scheme | Damaged status | Not for loan | Collection code | Home library | Current library | Date acquired | Source of acquisition | Cost, normal purchase price | Bill Number | Total Checkouts | Full call number | Acc. no. / Barcode | Date last seen | Bill Date | Koha item type | Date last borrowed | Public note |
|---|---|---|---|---|---|---|---|---|---|---|---|---|---|---|---|---|---|---|---|
| Dewey Decimal Classification | MBA | PIET C-LIBRARY | PIET C-LIBRARY | 16/07/2012 | IBH, New Delhi | 375.00 | 5677 | 658 RAM | 20103 | 04/12/2019 | 14/07/2012 | Text Books | |||||||
| Dewey Decimal Classification | MBA | PIET C-LIBRARY | PIET C-LIBRARY | 16/07/2012 | IBH, New Delhi | 375.00 | 5677 | 658 RAM | 20104 | 04/12/2019 | 14/07/2012 | Text Books | |||||||
| Dewey Decimal Classification | MBA | PIET C-LIBRARY | PIET C-LIBRARY | 16/07/2012 | IBH, New Delhi | 375.00 | 5677 | 658 RAM | 20105 | 04/12/2019 | 14/07/2012 | Text Books | |||||||
| Dewey Decimal Classification | MBA | PIET C-LIBRARY | PIET C-LIBRARY | 16/07/2012 | IBH, New Delhi | 375.00 | 5677 | 1 | 658 RAM | 20106 | 14/03/2022 | 14/07/2012 | Text Books | 10/11/2021 | |||||
| Dewey Decimal Classification | MBA | PIET C-LIBRARY | PIET C-LIBRARY | 16/07/2012 | IBH, New Delhi | 375.00 | 5677 | 658 RAM | 20107 | 04/12/2019 | 14/07/2012 | Text Books | |||||||
| Dewey Decimal Classification | MBA | PIET C-LIBRARY | PIET C-LIBRARY | 16/07/2012 | IBH, New Delhi | 375.00 | 5677 | 2 | 658 RAM | 20108 | 29/05/2023 | 14/07/2012 | Text Books | 11/02/2023 | . | ||||
| Dewey Decimal Classification | MBA | PIET C-LIBRARY | PIET C-LIBRARY | 16/07/2012 | IBH, New Delhi | 375.00 | 5677 | 658MAR | 20109 | 04/12/2019 | 14/07/2012 | Text Books |